Excerpta ex libro cui titulus homo apostolicus instructus in sua vocatione ad audiendas confessiones.

Detalles Bibliográficos
Autor principal: LIGORIO, Alfonso María de (San)
Formato: Libro
Publicado: México 1843
Materias:
Colección:Banco de datos
Acervo:Biblioteca del Museo de sitio casa de Morelos. Morelia. Michoacán
Tema general:Pastoral
Notas:Regular. C6,9.
LEADER 00689nam a22001930004500
035 |a 57144 
036 |a 205 
100 1 |a LIGORIO, Alfonso María de (San) 
245 1 0 |a Excerpta ex libro cui titulus homo apostolicus instructus in sua vocatione ad audiendas confessiones. 
260 |a México  |b Ignacio Cumplido imp.  |c 1843 
500 |a Regular. C6,9. 
650 1 0 |a Pastoral 
949 |a C.MOR 
959 |a Museo de Sitio Casa de Morelos. Morelia, Michoacán  |b CCC8 
960 |a Museo de Sitio Casa de Morelos, Michoacán  |b DD91 
961 |a Varias Ordenes Religiosas  |b VO 
942 |c MORELIA 
943 |g Biblioteca del Museo de sitio casa de Morelos. Morelia. Michoacán 
999 |c 974643  |d 974643